<?xml version="1.0" encoding="UTF-8"?><?xml-stylesheet type="text/xsl" href="static/style.xsl"?><OAI-PMH xmlns="http://www.openarchives.org/OAI/2.0/" xmlns:xsi="http://www.w3.org/2001/XMLSchema-instance" xsi:schemaLocation="http://www.openarchives.org/OAI/2.0/ http://www.openarchives.org/OAI/2.0/OAI-PMH.xsd"><responseDate>2026-06-05T15:19:20Z</responseDate><request verb="GetRecord" identifier="oai:riuma.uma.es:10630/29609" metadataPrefix="marc">https://riuma.uma.es/rest/oai/request</request><GetRecord><record><header><identifier>oai:riuma.uma.es:10630/29609</identifier><datestamp>2026-02-03T10:56:28Z</datestamp><setSpec>com_10630_2254</setSpec><setSpec>col_10630_37953</setSpec></header><metadata><record xmlns="http://www.loc.gov/MARC21/slim" xmlns:dcterms="http://purl.org/dc/terms/" xmlns:doc="http://www.lyncode.com/xoai" xmlns:xsi="http://www.w3.org/2001/XMLSchema-instance" xsi:schemaLocation="http://www.loc.gov/MARC21/slim http://www.loc.gov/standards/marcxml/schema/MARC21slim.xsd">
   <leader>00925njm 22002777a 4500</leader>
   <datafield ind2=" " ind1=" " tag="042">
      <subfield code="a">dc</subfield>
   </datafield>
   <datafield ind2=" " ind1=" " tag="720">
      <subfield code="a">Toribio, René</subfield>
      <subfield code="e">author</subfield>
   </datafield>
   <datafield ind2=" " ind1=" " tag="720">
      <subfield code="a">Muñoz, Alfonso</subfield>
      <subfield code="e">author</subfield>
   </datafield>
   <datafield ind2=" " ind1=" " tag="720">
      <subfield code="a">Castro-Sanz, Ana B</subfield>
      <subfield code="e">author</subfield>
   </datafield>
   <datafield ind2=" " ind1=" " tag="720">
      <subfield code="a">Merchante-Berg, Catharina</subfield>
      <subfield code="e">author</subfield>
   </datafield>
   <datafield ind2=" " ind1=" " tag="720">
      <subfield code="a">Castellano, M Mar</subfield>
      <subfield code="e">author</subfield>
   </datafield>
   <datafield ind2=" " ind1=" " tag="260">
      <subfield code="c">2019-12</subfield>
   </datafield>
   <datafield ind2=" " ind1=" " tag="520">
      <subfield code="a">Translation is a fundamental step in gene expression that regulates multiple developmental and stress responses. One key step of translation initiation is the association between eIF4E and eIF4G. This process is regulated in different eukaryotes by proteins that bind to eIF4E; however, evidence of eIF4E-interacting proteins able to regulate translation is missing in plants. Here, we report the discovery of CERES, a plant eIF4E-interacting protein. CERES contains an LRR domain and a canonical eIF4E-binding site. Although the CERES–eIF4E complex does not include eIF4G, CERES forms part of cap-binding complexes, interacts with eIF4A, PABP and eIF3, and co-sediments with translation initiation complexes in vivo. Moreover, CERES promotes translation in vitro and general translation in vivo, while it modulates the translation of specific mRNAs related to light and carbohydrate response. These data suggest that CERES is a non-canonical translation initiation factor that modulates translation in plants.</subfield>
   </datafield>
   <datafield ind1="8" ind2=" " tag="024">
      <subfield code="a">Toribio R, Muñoz A, Castro-Sanz AB, Merchante C, Castellano MM. A novel eIF4E-interacting protein that forms non-canonical translation initiation complexes. Nat Plants. 2019 Dec;5(12):1283-1296. doi: 10.1038/s41477-019-0553-2. Epub 2019 Dec 9. PMID: 31819221; PMCID: PMC6914366.</subfield>
   </datafield>
   <datafield ind1="8" ind2=" " tag="024">
      <subfield code="a">https://hdl.handle.net/10630/29609</subfield>
   </datafield>
   <datafield ind1="8" ind2=" " tag="024">
      <subfield code="a">10.1038/s41477-019-0553-2</subfield>
   </datafield>
   <datafield tag="653" ind2=" " ind1=" ">
      <subfield code="a">Proteínas vegetales</subfield>
   </datafield>
   <datafield ind2="0" ind1="0" tag="245">
      <subfield code="a">A novel eIF4E-interacting protein that forms non-canonical translation initiation complexes</subfield>
   </datafield>
</record>
</metadata></record></GetRecord></OAI-PMH>